Lý luận phê bình văn học Việt Nam đầu thế kỷ XX

Một số vấn đề lý luận chung về văn học, nhà văn, các quan niệm về tác phẩm và thể loại văn học. Những khuynh hướng chính trong phê bình văn học đầu thế kỷ XX. Quan điểm, thực chất của cuộc tranh luận "Truyện Kiều" giữa những năm 20...

Deskribapen osoa

Gorde:
Xehetasun bibliografikoak
Egile nagusia: Trần Mạnh Tiến
Formatua: Liburua
Hizkuntza:Vietnamese
Argitaratua: H. Nxb Giáo dục
Saila:Trường Đại học Sư phạm Hà Nội
Gaiak:
TRA
Etiketak: Etiketa erantsi
Etiketarik gabe, Izan zaitez lehena erregistro honi etiketa jartzen!
Thư viện lưu trữ: Mạng thư viện Đại học Đà Nẵng
LEADER 01449nam a2200349 4500
001 000004246
003 377
005 20121211001208.0
008 110718s viesd
020 |c 37000đ 
041 0 |a vie 
082 |a 895.922  |b TR-T 
100 0 |a Trần Mạnh Tiến 
245 0 |a Lý luận phê bình văn học Việt Nam đầu thế kỷ XX  |c Trần Mạnh Tiến 
260 |a H.  |b Nxb Giáo dục 
490 |a Trường Đại học Sư phạm Hà Nội 
520 |a Một số vấn đề lý luận chung về văn học, nhà văn, các quan niệm về tác phẩm và thể loại văn học. Những khuynh hướng chính trong phê bình văn học đầu thế kỷ XX. Quan điểm, thực chất của cuộc tranh luận "Truyện Kiều" giữa những năm 20 
653 |a 895.92209 
653 |a TRA 
653 |a Văn học Việt Nam - Lịch sử và phê bình 
700 |a Trần Mạnh Tiến 
910 |a Ngô Văn Đường 
OWN |a LSP 
AVA |a UDN50  |b LSP  |d 895.922 TR-T  |e available  |t Error 5001 Not defined in file expand_doc_bib_avail.  |f 10  |g 0  |h N  |i 0  |k 1 
999 |a From the UDN01 
AVA |a UDN50  |b LSP  |d 895.922 TR-T  |e available  |t Error 5001 Not defined in file expand_doc_bib_avail.  |f 10  |g 0  |h N  |i 0  |k 1 
TYP |a Monograph 
TYP |a Printed language 
980 |a Mạng thư viện Đại học Đà Nẵng